000
00246nam a2200097Ia 4500
001
773765
005
20250826165758.0
008
250824s9999 xx 000 0 und d
245
0
_a
YAĞMUR YÜKLÜ BULUTLAR
_c
ORHAN KEMAL
260
_b
EVEREST YAYINLARI
999
_c
773765
_d
773765